Textbook of biochemistry : (Record no. 13826)
[ view plain ]
| 000 -LEADER | |
|---|---|
| fixed length control field | 01351nam a2200265 a 4500 |
| 003 - CONTROL NUMBER IDENTIFIER | |
| control field | OSt |
| 005 - DATE AND TIME OF LATEST TRANSACTION | |
| control field | 20140310182503.0 |
| 008 - FIXED-LENGTH DATA ELEMENTS--GENERAL INFORMATION | |
| fixed length control field | 110628s19uu xx 00 eng d |
| 010 ## - LIBRARY OF CONGRESS CONTROL NUMBER | |
| LC control number | 2009046304 |
| 020 ## - INTERNATIONAL STANDARD BOOK NUMBER | |
| International Standard Book Number | 9780470281734 |
| 050 ## - LIBRARY OF CONGRESS CALL NUMBER | |
| Classification number | QP 514.2 |
| Item number | .T4 2011 |
| 110 ## - MAIN ENTRY--CORPORATE NAME | |
| Corporate name or jurisdiction name as entry element | John Wiley & Sons Inc. |
| 9 (RLIN) | 8743 |
| 245 ## - TITLE STATEMENT | |
| Title | Textbook of biochemistry : |
| Remainder of title | with clinical correlations / |
| Statement of responsibility, etc | edited by Thomas M. Devlin. |
| 250 ## - EDITION STATEMENT | |
| Edition statement | 7th ed. |
| 260 ## - PUBLICATION, DISTRIBUTION, ETC. (IMPRINT) | |
| Place of publication, distribution, etc | Hoboken, NJ : |
| Name of publisher, distributor, etc | John Wiley & Sons, |
| Date of publication, distribution, etc | c2011. |
| 300 ## - PHYSICAL DESCRIPTION | |
| Extent | xxxii, 1204 p. ; |
| Other physical details | ill. col. ; |
| Dimensions | 28 cm. |
| 500 ## - GENERAL NOTE | |
| General note | Includes bibliographical references and index |
| 520 ## - SUMMARY, ETC. | |
| Summary, etc | "This book presents a clear and precise discussion of the biochemistry of eukaryotic cells, particularly those of mammalian tissues, relates biochemical events at a cellular level to the subsequent physiological processes in the whole animal, and cites examples of abnormal biochemical processes in human disease. The organization and content are tied together to provide students with the complete picture of biochemistry and how it relates to human diseases"--Provided by publisher. |
| 650 ## - SUBJECT ADDED ENTRY--TOPICAL TERM | |
| Topical term or geographic name as entry element | Biochemistry |
| 9 (RLIN) | 7667 |
| 650 ## - SUBJECT ADDED ENTRY--TOPICAL TERM | |
| Topical term or geographic name as entry element | Clinical biochemistry |
| 9 (RLIN) | 7938 |
| 650 ## - SUBJECT ADDED ENTRY--TOPICAL TERM | |
| Topical term or geographic name as entry element | Biochemical Phenomena |
| 9 (RLIN) | 7768 |
| 942 ## - ADDED ENTRY ELEMENTS (KOHA) | |
| Source of classification or shelving scheme | Library of Congress Classification |
| Koha item type | |
| Withdrawn status | Lost status | Source of classification or shelving scheme | Damaged status | Home library | Current library | Shelving location | Date acquired | Total Checkouts | Full call number | Barcode | Date last seen | Copy number | Price effective from | Koha item type |
|---|---|---|---|---|---|---|---|---|---|---|---|---|---|---|
| Library of Congress Classification | South SEED-LPDH College Library | South SEED-LPDH College Library | South SEED-LPDH College Section | 08/07/2013 | QP 514.2 .T4 2011 | SSLC0225 | 04/20/2017 | 1 | 08/07/2013 | Books |